000 00510nam a2200181Ia 4500
001 9080
005 20260306160657.0
008 260306t2017||||xx |||||||||||||| ||spa||
041 _aESP
082 _a372.5
_bV66
100 _aVillalba Gómez, José Victor
_eAUT
245 0 _aEnfoques y estrategias para educación artística en primaria:
_bdesarrollo del lenguaje visual y plástico
260 _c2017
300 _a225 páginas :
_c23 cm.
650 _aGEN
654 _aCED
942 _cLIB
_dJUS
_fJUS
_2ddc
_n
999 _c9080
_d9080